00606nam a22002057a 450000500170000001000130001702000220003003500130005203700160006504000120008108200130009310000060010624500780011226000560019027000630024630000250030965000160033465000270035070000230037720170124110222.0 aA-943575 c00.00a8170750555 aA-943575 bCen Lib/Ret aDPLbEN a658bMAN a  aManagement :cedited by Vinayshil Gautam bkeeping the competitive edge / aNew Delhi bHindustan Publishing Corporation c1998 bNew Delhi a4805/24, bharat ram road, dariya ganj e110002 axii, 224p.c21cm(Hb) aManagement  aStrategic development  aGautam, Vinayshil